header

A mythic land apart (Record no. 15764)

MARC details
000 -LEADER
fixed length control field 02401nam a2200373 a 4500
082 04 - DEWEY DECIMAL CLASSIFICATION NUMBER
Classification number 975
245 02 - TITLE STATEMENT
Title A mythic land apart
260 ## - PUBLICATION, DISTRIBUTION, ETC. (IMPRINT)
Place of publication Westport, Conn :
Name of publisher Greenwood Press,
Year of publication 1997.
300 ## - PHYSICAL DESCRIPTION
Number of Pages viii, 206 p.
490 1# - SERIES STATEMENT
Series statement Contributions in American history,
500 ## - GENERAL NOTE
General note Published in honor of Charles Pierce Roland.
700 1# - ADDED ENTRY--PERSONAL NAME
Personal name Smith, John David,
Personal name Appleton, Thomas H.,
Personal name Roland, Charles Pierce,
856 40 - ELECTRONIC LOCATION AND ACCESS
Uniform Resource Identifier http://site.ebrary.com/lib/rucke/Doc?id=5004430

No items available.

© 2026 Rongo University
Contact us: librarian | system librarian | Rongo university